Every Icon in FIFA/FC 25 Ultimate Team - Statistics

General Stats
  • This quiz has been taken 1,103 times
    468 since last reset
  • The average score is 78 of 112
Answer Stats
Positions Rating Player Position % Correct
Goalkeeper 91 Gianluigi Buffon GK
98%
Goalkeeper 92 Lev Yashin GK
96%
Goalkeeper 88 Petr Čech GK
96%
Goalkeeper 90 Iker Casillas GK
95%
Midfielder 95 Diego Maradona CAM
93%
Defender 92 Paolo Maldini CB
93%
Midfielder 95 Pelé CAM
93%
Defender 90 Roberto Carlos LB
93%
Goalkeeper 89 Peter Schmeichel GK
92%
Goalkeeper 88 Edwin van der Sar GK
91%
Midfielder 94 Zinedine Zidane CAM
91%
Forward 94 Ronaldo ST
90%
Defender 89 Philipp Lahm RB
89%
Forward 93 Ronaldinho LW
89%
Defender 91 Cafu RB
88%
Defender 92 Franz Beckenbauer CB
87%
Defender 87 Nemanja Vidić CB
87%
Defender 89 Javier Zanetti RB
86%
Midfielder 93 Johan Cruyff CAM
86%
Forward 89 Didier Drogba ST
85%
Forward 90 George Best RW
85%
Midfielder 90 Xavi CM
85%
Forward 88 Gareth Bale RW
84%
Defender 89 Carles Puyol CB
83%
Forward 91 Eusébio ST
83%
Forward 92 Ferenc Puskás ST
83%
Midfielder 88 Pavel Nedvěd LM
83%
Defender 88 Rio Ferdinand CB
83%
Defender 86 Ashley Cole LB
82%
Forward 92 Gerd Müller ST
81%
Forward 88 Andriy Shevchenko ST
80%
Forward 89 Samuel Eto’o ST
80%
Midfielder 88 Gheorghe Hagi CAM
79%
Forward 89 Luís Figo RW
79%
Forward 91 Thierry Henry ST
79%
Forward 92 Garrincha RW
78%
Forward 91 Marco van Basten ST
78%
Defender 89 Alessandro Nesta CB
77%
Midfielder 90 Andrea Pirlo CM
77%
Defender 90 Bobby Moore CB
77%
Midfielder 88 David Beckham RM
77%
Forward 89 Hristo Stoichkov ST
77%
Midfielder 87 Frank Lampard CM
76%
Midfielder 92 Bobby Charlton CAM
75%
Defender 91 Carlos Alberto RB
75%
Forward 89 Kenny Dalglish ST
75%
Midfielder 86 Michael Essien CDM
75%
Midfielder 90 Ruud Gullit CAM
75%
Midfielder 88 Steven Gerrard CM
75%
Defender 91 Franco Baresi CB
74%
Defender 89 Fabio Cannavaro CB
73%
Defender 86 Gianluca Zambrotta RB
73%
Midfielder 88 Michael Laudrup CAM
73%
Forward 90 Rivaldo LW
73%
Midfielder 86 Roy Keane CM
73%
Defender 88 Marcel Desailly CB
72%
Forward 87 Ian Rush ST
71%
Midfielder 89 Kaká CAM
71%
Midfielder 91 Roberto Baggio CAM
71%
Forward 87 Davor Šuker ST
70%
Forward 86 Henrik Larsson ST
70%
Midfielder 86 Gennaro Gattuso CDM
69%
Forward 89 Ruud van Nistelrooy ST
69%
Defender 88 Fernando Hierro CB
68%
Forward 89 Hugo Sánchez ST
68%
Defender 88 Lilian Thuram RB
68%
Midfielder 88 Paul Scholes CM
68%
Midfielder 90 Alessandro Del Piero CAM
67%
Midfielder 87 Frank Rijkaard CDM
67%
Midfielder 90 Lothar Matthäus CM
67%
Forward 86 Luis Hernández ST
67%
Forward 88 Wayne Rooney ST
67%
Midfielder 87 Claude Makélélé CDM
66%
Midfielder 86 Juan Sebastián Verón CM
66%
Defender 88 Ronald Koeman CB
66%
Forward 87 Fernando Torres ST
65%
Defender 88 Laurent Blanc CB
65%
Midfielder 88 Patrick Vieira CM
65%
Midfielder 87 Robert Pirés LM
65%
Forward 88 Robin van Persie ST
65%
Midfielder 88 Juan Román Riquelme CAM
63%
Midfielder 89 Sócrates CAM
62%
Midfielder 88 Franck Ribéry LM
61%
Forward 93 Mia Hamm ST
61%
Midfielder 87 Xabi Alonso CDM
61%
Forward 86 Hernán Crespo ST
60%
Forward 88 Miroslav Klose ST
60%
Midfielder 91 Zico CAM
60%
Midfielder 87 Emmanuel Petit CDM
59%
Forward 90 Raúl ST
59%
Midfielder 88 Bastian Schweinsteiger CM
58%
Forward 89 Jairzinho RW
58%
Forward 87 John Barnes LW
58%
Defender 86 Sol Campbell CB
56%
Forward 88 Michael Owen ST
55%
Forward 89 Emilio Butragueño ST
54%
Forward 89 Gary Lineker ST
53%
Forward 89 Alan Shearer ST
51%
Forward 90 Dennis Bergkamp ST
50%
Midfielder 91 Homare Sawa CM
50%
Forward 87 Patrick Kluivert ST
50%
Midfielder 87 Gianfranco Zola CAM
47%
Forward 87 Ian Wright ST
42%
Forward 89 Éric Cantona ST
41%
Goalkeeper 92 Nadine Angerer GK
38%
Forward 92 Birgit Prinz ST
37%
Midfielder 90 Camille Abily CM
33%
Forward 89 Kelly Smith ST
29%
Forward 90 Lotta Schelin ST
29%
Midfielder 90 Julie Foudy CM
28%
Midfielder 90 Aya Miyama LM
27%
Forward 88 Marinette Pichon ST
21%
No matching quizzes found
Score Distribution
Percent of People with Each Score
Percentile by Number Answered
Your Score History
You have not taken this quiz since the last reset